how many times can you press the letter - a - Statistics

General Stats
  • This quiz has been taken 337 times
  • The average score is 83 of 100
Answer Stats
Answer % Correct
a
100%
a
99%
a
99%
a
99%
a
99%
a
99%
a
99%
a
99%
a
98%
a
97%
a
97%
a
97%
a
97%
a
97%
a
97%
a
97%
a
97%
a
97%
a
97%
a
97%
a
97%
a
96%
a
96%
a
96%
a
96%
a
94%
a
93%
a
93%
a
93%
a
93%
a
93%
a
92%
a
92%
a
92%
a
92%
a
92%
a
91%
a
91%
a
91%
a
91%
a
91%
a
91%
a
91%
a
91%
a
91%
a
90%
a
90%
a
90%
a
90%
a
90%
a
90%
a
90%
a
90%
a
90%
a
90%
a
90%
a
90%
a
90%
a
90%
a
90%
a
88%
a
88%
a
88%
a
88%
a
86%
a
86%
a
84%
a
83%
a
82%
a
82%
a
81%
a
80%
a
80%
a
80%
a
79%
a
78%
a
76%
a
76%
a
73%
a
69%
a
69%
a
68%
a
67%
a
65%
a
64%
a
61%
a
60%
a
56%
a
54%
a
53%
a
51%
a
49%
a
45%
a
45%
a
42%
a
39%
a
39%
a
35%
a
34%
a
32%
No matching quizzes found
Score Distribution
Percent of People with Each Score
Percentile by Number Answered
Your Score History
You have not taken this quiz